000 00272nam a22001337a 4500
008 170803b xxu||||| |||| 00| 0 eng d
020 _a9781565922167
041 _aeng
080 _a004
100 _a32
101 _aSHKI
245 _aJAVA
_cOAKS, S
942 _2udc
_cBK
999 _c22587
_d22587